000 01112njm a2200289Ia 4500
001 20567
003 IT-RoPAU
005 20220918181144.0
008 131025s9999 xx 000 0 und d
040 _aIT-RoPAU
040 _cIT-RoPAU
041 _aINGLESE
999 _c101524
_d101524
999 _bn.d.
100 _aDylan Bob
_91185
100 _eAutore musica
_92127
100 _gCodice autore musica SPICS: 7026
_91187
245 _aNashville Skyline (Lp Cbs S 63601)
250 _a1a ed.
260 _aMILANO
260 _bCBS - SUGAR
_c1972 [1a Ed.:1969 - Ed. Lingua Orig.: 1969]
300 _aDISCO
500 _aCantautore americano. Musica pop
505 _aGirl From the North Country (Bob Dylan con Johnny Cash) - Nashville Skyline Rag - To Be Alone With You - I Threw It All Away - Peggy Day - Lay Lady Lay (B. Dylan) - One More Night - Tell Me That It Isn't True - Country Pie - Tonight I'll Be Staying - Here With You
650 _aCANTAUTORI AMER [DISCHI]
_eCodice MATERIA SPICS: 9950
_92128
700 _aDylan Bob
_eAutore testo e musica
_gCodice autore testo/musica SPICS: 7026
_92129
942 _cMD
_2ddc